Essentials of pharmacology: Basic princip;es and general concepts (Record no. 6215)

MARC details
000 -LEADER
fixed length control field 00498nam a22001817a 4500
005 - DATE AND TIME OF LATEST TRANSACTION
control field 20200517131851.0
008 - FIXED-LENGTH DATA ELEMENTS--GENERAL INFORMATION
fixed length control field 200517b xxu||||| |||| 00| 0 eng d
020 ## - INTERNATIONAL STANDARD BOOK NUMBER
ISBN 9788123923413
041 ## - LANGUAGE CODE
Language code of text/sound track or separate title eng
082 ## - DEWEY DECIMAL CLASSIFICATION NUMBER
Classification number 615 SHA
100 ## - MAIN ENTRY--AUTHOR NAME
Personal name SHARMA V N
245 ## - TITLE STATEMENT
Title Essentials of pharmacology: Basic princip;es and general concepts
Statement of responsibility, etc Sharma V N
250 ## - EDITION STATEMENT
Edition statement 4'th
260 ## - PUBLICATION, DISTRIBUTION, ETC. (IMPRINT)
Place of publication New Delhi
Name of publisher CBS Publishers and distributors
Year of publication 2019
300 ## - PHYSICAL DESCRIPTION
Number of Pages 838, xvi
650 ## - SUBJECT ADDED ENTRY--TOPICAL TERM
Topical Term Pharmacy
942 ## - ADDED ENTRY ELEMENTS (KOHA)
Koha item type Books

No items available.